000
00275nam a2200121Ia 4500
008
190216s9999||||xx |||||||||||||| ||und||
100
_a
Thomas C J
245
0
_a
Edipas
260
_b
Poorna Pubs Kozhikode
_c
1978
300
_a
80p
650
_a
Malayalam Nadakam
942
_c
BK
999
_c
26403
_d
26403